Way of Religion (Record no. 11664)

MARC details
000 -LEADER
fixed length control field 00572nam a2200241 a 4500
020 ## - INTERNATIONAL STANDARD BOOK NUMBER
ISBN 019507596X
082 00 - DEWEY DECIMAL CLASSIFICATION NUMBER
Classification number 200
Author Cutter EAS
100 ## - MAIN ENTRY--AUTHOR NAME
Author name Eastman, Roger
245 ## - TITLE STATEMENT
Title Way of Religion
260 ## - PUBLICATION, DISTRIBUTION, ETC. (IMPRINT)
Place of publication Londan
Name of publisher Oxford University Press
Year of publication 1993
300 ## - PHYSICAL DESCRIPTION
Number of Pages 489p
500 ## - GENERAL NOTE
General note includes index and biblioraphy
505 2# - FORMATTED CONTENTS NOTE
Formatted contents note Index
650 ## - SUBJECT ADDED ENTRY--TOPICAL TERM
Topical Term Religion
942 ## - ADDED ENTRY ELEMENTS (KOHA)
Koha item type Books
700 1# -
-- Eastman, Roger
Holdings
Collection code Home library Current library Date acquired Cost, normal purchase price Full call number Accession Number Koha item type
  Henry Martyn Institute Library Henry Martyn Institute Library 07/14/2008 350.00 200 EAS 015683 Books
                   Copyright © 2026 | Henry Martyn Institute | Hyderabad | TS-500052 | INDIA | Implemented by hmi.edu.in
Hit-Count:

Powered by Koha